1594 1775 1394 1065 1059 1468 1126 1226 1397 1850 1776 1979 1870 1444 1235 1396 1651 1866 1956 1880 1037 1140 1106 1270 1208 1176 1720 1601 1696 1168 1042 1759 1737 1738 1557 1707 1967 1757 1214 1576 1148 1406 1908 1457 1052 1534 1190 1788 1918 1620 1144 1068 1174 1183 1854 1811 1512 1870 1224 1022 1953 1372 1849 1070 1687 1240 1016 1941 1134 1579 1884 1990 1608 1815 1185 1109 1392 1281 1643 1006 1041 1159 1556 1248 1224 1679 1217 1503 1528 1657 1153 1851 1249 1787 1483 1220 1040 1581 1481 BCNSPRNW ULIB Ver.6.0+V

เปลี่ยนเป็นภาษาไทย

Change to English
 แสดงรายละเอียดบรรณานุกรม
  กลับหน้าหลัก

Brief Record : Get Marc (ISO 2709) : E-mail record : QR code < ปิดหน้าต่าง
LEADER : 00000nam 2200000uu 4500
001    13399109249
003     ULIB
008    110325s2546||||th 000 0 tha d
020    9749593979
060  4 WA540JT3^bส598ค 2546
245 00 คู่มือการประเมินผลภายใต้ระบบงบประมาณแบบมุ่งเน้นผลสัมฤทธิ์กระทรวงสาธารณสุขในช่วงแผนพัฒนาเศรษฐกิจและสังคมแห่งชาติฉบับที่ 9 (พ.ศ. 2545-2549) /^cกองบรรณาธิการ, ชำนาญ ภู่เยี่ยม ... [และคนอื่นๆ] ; ผู้จัดทำ, สุกัลยา คงสวัสดิ์ ... [และคนอื่นๆ]]
260    [นนทบุรี] :^bกลุ่มประเมินผล สำนักตรวจและประเมินผลสำนักงานปลัดกระทรวง กระทรวงสาธารณสุข,^c2546
300    117 หน้า :^bภาพประกอบ ;^c30 ซม.
610 27 กระทรวงสาธารณสุข^xการประเมิน
650  7 แผนพัฒนาเศรษฐกิจและสังคมแห่งชาติ ฉบับที่ 9 (2545-2549)
650  7 งบประมาณ^zไทย.
650  7 รายจ่ายของรัฐ^zไทย.
650  7 การประเมินผลงาน^zไทย.
700 0  สุกัลยา คงสวัสดิ์.
700 0  ชำนาญ ภู่เยี่ยม,^eบรรณาธิการ
710 2  กระทรวงสาธารณสุข. ^bสำนักตรวจและประเมินผล.^bกลุ่มประเมินผล.
995     ทศพร
999 ^a ใช้งานได้ทุกระบบ
รายการนี้ยังไม่มีแท็ก
คุณยังไม่ได้ล็อกอิน คุณสามารถมีกิจกรรมร่วมกับเว็บไซต์ได้ แต่ต้องล็อกอินก่อน ::
  ล็อกอิน

รายการสื่อสารสนเทศ

ลำดับที่ ประเภท เลขเรียก/บาร์โค้ด สถานที่ สถานะ
- ไม่พบข้อมูล -

BibComment


ยังไม่เคยถูกคอมเมนท์

คอมเมนท์ทรัพยากรรายการนี้
  คอมเมนท์: คู่มือการประเมินผ..


 Copyright 2026. Bcnsprnw @Library